| 000 | 00566nas a2200217 i 4500 | ||
|---|---|---|---|
| 001 | 1450 | ||
| 003 | ES-MaACL | ||
| 005 | 20250802062529.0 | ||
| 007 | t| | ||
| 008 | 950801d18691869ru | | 1 ||us d | ||
| 080 | _a47+57 | ||
| 245 | 0 | 3 |
_aEl Mensajero ruso _b= Russkij vistnikb / _cM. Katrov "Im". |
| 260 |
_aMoskva : _bUniversitietskoi Tipografi, _c[1869] |
||
| 300 |
_a6 v. ; _c21 cm. |
||
| 362 | 0 | _a[1869] | |
| 500 | _aTexto en cirĂlico. | ||
| 650 | 7 |
_aLiteratura _2embne _9141583 |
|
| 852 |
_aES-MaACL _jHem-429 |
||
| 866 | 0 | _o1869. | |
| 999 |
_c1450 _d1450 |
||